000 00909nam a2200133Ia 4500
008 220616s9999||||xx |||||||||||||| ||und||
020 _a9783040000000
245 0 _aReligious Transformation in the Middle East
_bSpirituality, Religious Doubt, and Non Religion
546 _aEnglish[eng]
650 _a(un)veiling||gender||spirituality||piety||non-belief||the self||Islam||Egypt||moral ambivalence||religious doubt||Turkey||Hajj||Morocco||everyday life||self-formation||anthropology of non-religion||lived religion||online activism||humor||memes||nonbelievers||freethinkers||atheism||Syria||Arab world||social media||criticism of Islam||religiosities||non-religiosities||youth||Alexandria||processes of individualisation||Islamism||Muslim Brotherhood||disengagement||the Arab Spring||social movements||n/a
700 _avan Nieuwkerk, Karin
856 _uhttps://mdpi.com/books/pdfview/book/5209
942 _cEB
999 _c19378
_d19378